00692nam a2200169 a 450000100100000000500170001000800410002704000250006810000240009324500920011726000640020930000210027350400730029470000330036795201050040099900170050500004048820250205122719.0130826s2008 dr 000 0 spa d aDO-SdBNPbspacBNPHU1 aMaier, Julio96679410aConferencias inéditas de Julio Maier /cJulio Maier ; prólogo César Pina Toribio. aSanto Domingo :bComisionado de Apoyo a la Reforma,c2008 . a201 p. ;c29 cm. aIncluye referencias bibliográficas y notas al pie de las páginas1 aPina Toribio, César916867 0010718PDaPDbPDcCTd2013-08-26iLF1l0o p40488-10r2020-06-25w2020-06-25yLFPDZNo se presta c39978d39978